El cuestionario en la encuesta psico-social / (Record no. 186489)

MARC details
000 -CABECERA
campo de control de longitud fija 00671nam a2200205 a 4500
005 - FECHA Y HORA DE LA ÚLTIMA TRANSACCIÓN
campo de control 20230805063518.0
008 - ELEMENTOS DE LONGITUD FIJA--INFORMACIÓN GENERAL
campo de control de longitud fija 161031s1974 es r 000 0 spa d
020 ## - NÚMERO INTERNACIONAL NORMALIZADO PARA LIBROS
Número Internacional Estándar del Libro 8425602408
035 ## - NÚMERO DE CONTROL DEL SISTEMA
Número de control de sistema UPN01000214389
049 ## - COLECCIÓN
Colección CG
050 #4 - SIGNATURA TOPOGRÁFICA DE LA BIBLIOTECA DEL CONGRESO
Número de clasificación HM251
Número de documento/Ítem M8.3
100 1# - ASIENTO PRINCIPAL--NOMBRE PERSONAL
Nombre de persona Mucchielli, Roger,
Fechas asociadas al nombre 1919-
9 (RLIN) 40051
245 13 - MENCIÓN DE TÍTULO
Título El cuestionario en la encuesta psico-social /
Mención de responsabilidad, etc. Roger Mucchielli ; tr. Francisco Fontanals.
260 ## - PUBLICACIÓN, DISTRIBUCIÓN, ETC.
Lugar de publicación, distribución, etc. Madrid :
Nombre del editor, distribuidor, etc. Iberico Europea,
Fecha de publicación, distribución, etc. 1974.
300 ## - DESCRIPCIÓN FÍSICA
Extensión 218 p. :
Otras características físicas cuadros
534 ## - NOTA SOBRE LA VERSIÓN ORIGINAL
Frase introductoria Título original :
Mención de título del original Le questionnaire dans l'enquete psycho-sociale
650 #4 - ASIENTO SECUNDARIO DE MATERIA - TERMINO TEMATICO
Término de materia o nombre geográfico como elemento de entrada Psicología social
Subdivisión general Metodología
9 (RLIN) 14855
905 ## - TIPO DE MATERIAL
Tipo de material Libro
Holdings
Estado de retiro Estado de pérdida Fuente del sistema de clasificación o colocación Estado dañado No para préstamo Código de colección Localización permanente Ubicación/localización actual Ubicación en estantería Total de préstamos Clasificación Código de barras Fecha visto por última vez Número de copia Tipo de ítem Koha
    Library of Congress Classification     Colección General Bib. Gregorio Torres Quintero Bib. Gregorio Torres Quintero Planta baja   HM251 M8.3 315431 31/12/2020 1 Libro